000 01412cam a2200409 i 4500
001 4963727
003 CO-MdFUSB
005 20220428111234.0
008 970722t1997 miu g b 001 0 eng
010 _a 97034172
020 _a0310493609 (alk. paper)
040 _aDLC
_cCO-MdFUSB
_dCO-MdFUSB
_bspa
_erda
041 _aeng
082 0 0 _224
_aG 227.91
_bN998j
100 1 _aNystrom, David P.,
_d1959-
_eautor
245 1 0 _aJames
_b: the NIV application commentary
_c/ David P. Nystrom.
246 1 8 _aNIV application commentary James
246 3 _aNew international version application commentary James
264 1 _aGrand Rapids, Michigan :
_bZondervan,
_c℗1997
264 4 _c©1997
300 _a338 páginas ;
_c24 cm.
336 _2rdacontent
_atexto
_btxt
337 _2rdamedia
_asin mediación
_bn
338 _2rdacarrier
_avolumen
_bnc
490 1 _aThe NIV application commentary series
501 _aIncluye índice (páginas 327- 338)
504 _aBibliografía (páginas 30-32)
505 _aTexto y comentario sobre Santiago.
630 0 7 _aBiblia.
_pSantiago
830 0 _aNIV application commentary.
906 _a7
_bcbc
_corignew
_d1
_eocip
_f19
_gy-gencatlg
942 _cBK
945 _aJTF-925
999 _c64698
_d64698